00794nmc a2200253 a 4500003000900000005001700009008004100026040001300067100002500080245003900105260004300144300001500187490007800202500007800280650002300358650001100381650001300392653001200405653002400417653001700441655001500458700003200473800003500505AR-BaBNM20251128203629.0058019s1961 ||||||||||||||000 | spa|| cAR-BaBNM1 aSánchez, Florencio10aBarranca abajobobra en tres actos aBuenos AiresbEdiciones La Pampac1961 a96 p.bil. 0aBiblioteca de la literatura clásica indoamericana. Dramas ruralesvv. 8 aContiene orden cronológico de las obras de Florencio Sánchez en p. 91 4aLITERATURA POPULAR 4aTEATRO 4aREALISMO aGAUCHOS aLITERATURA URUGUAYA aCOSTUMBRISMO aLITERATURA1 aSalgueiro, Luiseilustrador1 aCastagnola, Demetrioedirector